000 00569nam a22002177a 4500
003 UA-OsUOA
001 49039
007 ta
008 20070917b un ||||| |||| 00| 0 ukr d
090 _a82.09
_bГ75
942 _cBK
040 _aUA-OsUOA
_bukr
_cUA-OsUOA
_dUA-OsUOA
245 _aГригорій Давидович Вервес
300 _a100 с.
955 _a1
041 _aukr
080 _a82.09
260 _aК.
_bНаукова думка
_c2000
650 7 _a82 Література. Літературознавство
_2UDC
999 _c335153
_d335153